| 000 | 00884nam a22002295i 4500 | ||
|---|---|---|---|
| 001 | 164981 | ||
| 003 | ES-MaACL | ||
| 005 | 20250823100556.0 | ||
| 008 | 000111s1911 sp |||| | spa d | ||
| 040 |
_aCAM _bspa _cCAM |
||
| 100 | 1 |
_aSchuré, Eduardo. _9132576 |
|
| 245 | 1 | 0 |
_aHistoria del drama musical / _cpor Eduardo Schuré; traducción autorizada por el autor. |
| 260 |
_aMadrid : _bLa España Moderna, _c[s.a.] ( _fImprenta de San Francisco de Sales) |
||
| 300 |
_a246 p. ; _c22 cm. |
||
| 490 | 1 | _aBiblioteca de Jurisprudencia, Filosofía e Historia | |
| 596 | 1 | _aPalau 305307, da como fecha probable para esta edición 1911. | |
| 650 | 4 |
_aMúsica- _vHistoria _915391 |
|
| 752 |
_aEspaña - _dMadrid |
||
| 830 | 0 | 0 |
_aBiblioteca de jurisprudencia, filosofía e historia _9180691 |
| 852 |
_aES-MaACL _jF-14914 _z-- Rust. deteriorada |
||
| 999 |
_c164981 _d164981 |
||